000 00700nam a2200205Ia 4500
003 IIN
005 20250325125250.0
008 250325s9999 xx adc 001 0 eng d
020 _cRs.1050.00
_a9789354669675
040 _aIIN
_bEnglish
082 _a611
_bCHA
100 1 _aChaurasia, BD
245 1 _aBD Chaurasia's Human Anatomy
_bRegional and Applied Dissection and Clinical Lower Limb Abdomen and Pelvis
_cBD Chaurasia
250 _a10th ed
260 _bCBS
_aNew Delhi
_c2025
300 _axxiv, 482 p. / V.2
_bcol. ill.
_eWorkbook of Human Anatomy: Lower Limb Abdomen and Pelvis
500 _a V.2: Lower Limb Abdomen and Pelvis
650 1 _aAnatomy
_xHuman Anatomy
942 _cBOOK
999 _c1694
_d1694